Cuestiones de derecho mercantil (Record no. 154718)

MARC details
000 -LEADER
campo de control de longitud fija 00734nam a22001815i 4500
001 - NÚMERO DE CONTROL
campo de control 154718
003 - IDENTIFICADOR DE NÚMERO DE CONTROL
campo de control ES-MaACL
005 - FECHA Y HORA DE LA ÚLTIMA TRANSACCIÓN
campo de control 20230908182027.0
008 - DATOS DE LONGITUD FIJA--INFORMACIÓN GENERAL
campo de control de longitud fija 040708s1885 sp |||| | spa d
040 ## - FUENTE DE CATALOGACIÓN
Centro catalogador/agencia de origen CAM
Lengua de catalogación spa
Centro/agencia transcriptor CAM
100 1# - ENTRADA PRINCIPAL--NOMBRE DE PERSONA
Nombre de persona Gracia y Parejo, Rafael de.
9 (RLIN) 127515
245 10 - MENCIÓN DEL TÍTULO
Título Cuestiones de derecho mercantil
Resto del título : exposicion de los temas para las oposiciones á la judicatura /
Mención de responsabilidad, etc. por Rafael de Gracia y Parejo y Lorenzo Benito.
260 ## - PUBLICACIÓN, DISTRIBUCIÓN, ETC.
Lugar de publicación, distribución, etc. Madrid :
Nombre del editor, distribuidor, etc. Góngora editores,
Fecha de publicación, distribución, etc. 1885.
300 ## - DESCRIPCIÓN FÍSICA
Extensión 242 p. ;
Dimensiones 22 cm.
700 11 - ENTRADA AGREGADA--NOMBRE PERSONAL
Nombre de persona Benito y Endara, Lorenzo,
Fechas asociadas al nombre 1855-1932
9 (RLIN) 27698
852 ## - LOCALIZACIÓN
Ubicación ES-MaACL
Número de control de estantería G-15547
Nota libre -- Enc. pasta española
-- -- Dedicatoria ms. de los autores al Ateneo de Madrid
Holdings
Estatus retirado Estado de pérdida Estado de daño No para préstamo Colección Biblioteca de origen Biblioteca actual Ubicación en estantería Fecha de adquisición Fuente de adquisición Total de préstamos Signatura topográfica completa Código de barras Visto por última vez Precio de reemplazo Tipo de ítem Koha
        Libros del s. XIX Biblioteca del Ateneo de Madrid Biblioteca del Ateneo de Madrid Sala Pecera Planta 3 17/01/2008     G-15547 1161825 23/02/2023 23/02/2023 Libro impreso antiguo